Biblioteca y Centro de Documentación

Cambios en el mundo del trabajo y nuevos modelos de Seguridad y Salud (Registro nro. 50226)

Detalles MARC
000 -CABECERA
Longitud fija campo de control 01077naa a2200277 c 4500
001 - NÚMERO DE CONTROL
Número de control 50226
003 - IDENTIFICADOR DE NÚMERO DE CONTROL
Identificador del número de control ES-MaCES
005 - FECHA Y HORA DE LA ÚLTIMA TRANSACCIÓN
Fecha y hora de la última transacción 20171116135542.0
008 - CAMPO FIJO DE DESCRIPCIÓN FIJA--INFORMACIÓN GENERAL
Códigos de información de longitud fija   171116s2017 sz ||||| t||||||| ||spa d
040 ## - FUENTE DE CATALOGACIÓN
Centro catalogador de origen ES-MaCES
Lengua de catalogación spa
Centro transcriptor ES-MaCES
Centro modificado ES-MaCES
100 1# - ENCABEZAMIENTO PRINCIPAL--NOMBRE PERSONAL
9 (RLIN) 15129
Nombre de persona Igartua Miró, María Teresa
245 10 - MENCIÓN DE TÍTULO
Título Cambios en el mundo del trabajo y nuevos modelos de Seguridad y Salud
Mención de responsabilidad, etc. María Teresa Igartua Miró
500 ## - NOTA GENERAL
Nota general Resumen
504 ## - NOTA DE BIBLIOGRAFÍA, ETC.
Nota de bibliografía, etc. Bibliografía: p. 307-309
650 #4 - ASIENTO SECUNDARIO DE MATERIA--TÉRMINO DE MATERIA
9 (RLIN) 28292
Término de materia o nombre geográfico como elemento inicial mercado de trabajo
650 #4 - ASIENTO SECUNDARIO DE MATERIA--TÉRMINO DE MATERIA
9 (RLIN) 28369
Término de materia o nombre geográfico como elemento inicial relaciones laborales
650 #4 - ASIENTO SECUNDARIO DE MATERIA--TÉRMINO DE MATERIA
9 (RLIN) 30042
Término de materia o nombre geográfico como elemento inicial cambio estructural
650 #4 - ASIENTO SECUNDARIO DE MATERIA--TÉRMINO DE MATERIA
9 (RLIN) 29924
Término de materia o nombre geográfico como elemento inicial derechos de los trabajadores
650 #4 - ASIENTO SECUNDARIO DE MATERIA--TÉRMINO DE MATERIA
9 (RLIN) 28347
Término de materia o nombre geográfico como elemento inicial salud en el trabajo
650 #4 - ASIENTO SECUNDARIO DE MATERIA--TÉRMINO DE MATERIA
9 (RLIN) 29076
Término de materia o nombre geográfico como elemento inicial protección social
650 #4 - ASIENTO SECUNDARIO DE MATERIA--TÉRMINO DE MATERIA
9 (RLIN) 27034
Término de materia o nombre geográfico como elemento inicial seguridad social
653 10 - TÉRMINO DE INDEXACIÓN--NO CONTROLADO
Término no controlado Seguridad Social
773 0# - ENTRADA DE DOCUMENTO FUENTE
Itemnumber del ítem fuente 86614
Lugar, editor y fecha de publicación Bern [etc.] Peter Lang [2017]
Otro identificador del documento 089511
Título Los actuales cambios sociales y laborales : nuevos retos para el mundo del trabajo
Número de control del registro relacionado (ES-MaCES)50005
Número Internacional Normalizado para Libros (ISBN) 9783034328401
Parte(s) relacionada(s) p. 277-309. - SG-2.0.-408
902 ## - CES. TIPO DE DOCUMENTO
Tipodoc (006$c Sirtex) ARL Artículo de libro
942 ## - ELEMENTOS KOHA
Fuente de clasificaión o esquema Clasificación propia del CES
Koha [por defecto] tipo de item Artículos (1982-2017)
Parte de clasificación Seguridad social

No hay ítems disponibles.

© CES, Consejo Económico y Social de España 2021